|
|
|
|
| LEADER |
00000csc a2200000 a 4500 |
| 001 |
73411 |
| 005 |
20230308211657.0 |
| 008 |
014111|1975 ||||||||r|||||||||||spa|| |
| 020 |
|
|
|a 8432960039
|
| 040 |
|
|
|b spa
|
| 041 |
1 |
|
|a spa
|
| 082 |
0 |
|
|a 621.303
|
| 245 |
|
|
|a Máquinas de corriente alterna
|c Juan María Ortega Plana
|h impreso
|
| 264 |
|
|
|a Barcelona
|b CEAC
|c 1975
|
| 300 |
|
|
|a 686 páginas:
|b gra
|c 24 cm
|
| 490 |
|
|
|a Enciclopedia CEAC de Electrificación
|
| 504 |
|
|
|a incl. ref.
|
| 650 |
|
|
|a Corriente electrica
|9 36177
|
| 650 |
|
|
|a Corriente alterna
|9 35835
|
| 700 |
1 |
|
|a Ramírez Vázquez, José, dir.
|9 35469
|
| 700 |
1 |
|
|a Ortega Plana, Juan María
|9 291696
|
| 773 |
|
|
|g 686 páginas:
|
| 852 |
|
|
|a UC-CDJBV
|c SEGUNDO PISO
|f Compra
|k mariana.quezada
|l 1
|m General
|p 20141111
|q 1.00
|r 2
|t 73411
|b 0
|d CDRC
|e CDRC
|g 621.303 SEGUNDO PISO
|z 2014-41-11
|
| 942 |
|
|
|
| 999 |
|
|
|c 119481
|d 119481
|